| 000 | 01170nam a22003377a 4500 | ||
|---|---|---|---|
| 003 | CHAP | ||
| 005 | 20220329140341.0 | ||
| 008 | 971013s1955 r 00010 d | ||
| 010 | _a50823 | ||
| 011 | _a51795 | ||
| 035 | _a55945 | ||
| 040 | _cCHAP | ||
| 090 | _aTesis | ||
| 100 | 0 | 0 |
_aRodríguez León, Pánfilo. _998630 |
| 245 | _aSituación económica de los productores de caña de azúcar del ingenio "Los Mochis", Sin. | ||
| 260 |
_aChapingo, Méx. : _bEl autor, _c1955 |
||
| 300 |
_a96 p. _b: ilus. |
||
| 502 | _aTesis (Ing. Agr. Esp. en Economía) -- ENA. Departamento de Economía | ||
| 590 |
_aALEPH _b10 _c20130110 _lUCH01 _h1326 |
||
| 590 |
_aBATCH-UPD _b10 _c20130110 _lUCH01 _h0429 |
||
| 590 |
_aBATCH-UPD _b10 _c20130410 _lUCH01 _h0104 |
||
| 590 |
_aBATCH-UPD _b10 _c20130914 _lUCH01 _h0836 |
||
| 590 |
_aCONVERSION _b10 _c20130109 _lUCH01 _h1328 |
||
| 650 | 1 | 4 |
_aCaña de azúcar _xMercadeo _xSinaloa. _918629 |
| 650 | 1 | 4 |
_aCaña de azúcar _xTrabajadores _xSinaloa. _918656 |
| 901 | _aBK | ||
| 942 | _cFOLL | ||
| 949 |
_bBC _cTES _d-122461 _eTS1 _i55945 _si |
||
| 949 |
_bBC _cTES _d-122462 _eTS2 _fc.2 _i55945 _si |
||
| 949 |
_bBC _cTES _d-122463 _eTS2 _fc.3 _i55945 _si |
||
| 999 |
_c50823 _d50823 |
||